Losowe miasta zaczynające się od „A” na mapie - Statystyki

Ogólne statystyki
  • Ten quiz został rozwiązany 644 razy
  • Średni wynik to 5 z 10
Odpowiedzi na mapie
Odpowiedzi zakodowano w zielono-czerwonej skali na mapie do tego quizu, zgodnie z poniższymi procentami.
 
Statystyki odpowiedzi
Miasto % Poprawnych
Amsterdam
96%
Ateny
92%
Ankara
89%
Algier
69%
Aleksandria
66%
Antananarywa
65%
Abu Zabi
58%
Asunción
50%
Atlanta
48%
Abudża
47%
Antwerpia
46%
Auckland
46%
Addis Abeba
44%
Akra
40%
Austin
40%
Aberdeen
39%
Amman
39%
Almaty
30%
Aszchabad
29%
Anchorage
28%
Adelaide
27%
Aleppo
21%
Aden
17%
Agra
11%
Ahmadabad
6%
Nie znaleziono quizów pasujących do podanych kryteriów
Rozkład punktacji
Procent ludzi z każdym wynikiem
Percentyl według liczby udzielonych odpowiedzi
Twoja historia wyników
Nie rozwiązałeś tego quizu